

| 000 -LEADER | |
|---|---|
| fixed length control field | 03999cam a2200373 a 4500 |
| 001 - CONTROL NUMBER | |
| control field | 11767656 |
| 003 - CONTROL NUMBER IDENTIFIER | |
| control field | OSt |
| 005 - DATE AND TIME OF LATEST TRANSACTION | |
| control field | 20200907144757.0 |
| 008 - FIXED-LENGTH DATA ELEMENTS--GENERAL INFORMATION | |
| fixed length control field | 990727s1999 ne 001 0 eng |
| 010 ## - LIBRARY OF CONGRESS CONTROL NUMBER | |
| LC control number | 99041132 |
| 020 ## - INTERNATIONAL STANDARD BOOK NUMBER | |
| International Standard Book Number | 904111212X (hardcover : alk. paper) |
| 020 ## - INTERNATIONAL STANDARD BOOK NUMBER | |
| International Standard Book Number | 904111243X (paperback) |
| 035 ## - SYSTEM CONTROL NUMBER | |
| System control number | (DLC) 99041132 |
| 040 ## - CATALOGING SOURCE | |
| Original cataloging agency | DLC |
| Transcribing agency | DLC |
| Modifying agency | DLC |
| 050 00 - LIBRARY OF CONGRESS CALL NUMBER | |
| Classification number | KZ7288 |
| Item number | .I58 1999 |
| 082 00 - DEWEY DECIMAL CLASSIFICATION NUMBER | |
| Classification number | 341.7/7 |
| Edition number | 21 |
| Item number | LEE |
| 245 04 - TITLE STATEMENT | |
| Title | The International Criminal Court : |
| Remainder of title | The making of the Rome Statute--issues, negotiations, results / |
| Statement of responsibility, etc. | edited by Roy S. Lee ; in cooperation with the Project on International Courts and Tribunals. |
| 260 ## - PUBLICATION, DISTRIBUTION, ETC. | |
| Place of publication, distribution, etc. | The Hague ; |
| -- | Boston : |
| Name of publisher, distributor, etc. | Kluwer Law International, |
| Date of publication, distribution, etc. | c1999. |
| 300 ## - PHYSICAL DESCRIPTION | |
| Extent | xxxv, 657 p. ; |
| Dimensions | 24 cm. |
| 500 ## - GENERAL NOTE | |
| General note | At head of title: UNITAR. |
| 500 ## - GENERAL NOTE | |
| General note | Includes index. |
| 505 ## - FORMATTED CONTENTS NOTE | |
| Formatted contents note | Table of Contents<br/>FOREWORD<br/>PREFACE United Nations Secretary-General Kofi Annan<br/>ACKNOWLEDGEMENTS<br/>LIST OF CONTRIBUTORS<br/>•.<br/>KEY TERMS AND REFERENCES<br/>INTRODUCTION<br/>CHAPTER ONE<br/>CHAPTER TWO<br/>CHAPTER THREE<br/>CHAPTER FOUR<br/>CHAPTER FIVE<br/>CHAPTER SIX<br/>CHAPTER SEVEN<br/>CHAPTER EIGHT<br/>Section I.<br/>THE ROME CONFERENCE AND ITS CONTRIBUTIONS TO<br/>INTERNATIONAL LAW<br/>RoyS. Lee<br/>THE PRINCIPLE OF COMPLEMENTARITY<br/>John T. Holmes<br/>CRIMES WITHIN THE JURISDICTION OF THE COURT<br/>Herman von Hebel and Darryl Robinson<br/>JURISDICTION OF THE COURT<br/>Elizabeth Wilmshurst<br/>THE INTERNATIONAL CRIMINAL COURT AND<br/>THE SECURITY COUNCIL<br/>Lionel Yee<br/>COMPOSITION AND ADMINISTRATION OF<br/>THE COURT<br/>Medard R. Rwelamira<br/>THE ROLE OF THE INTERNATIONAL PROSECUTOR<br/>Silvia A. Fernandez de Gurmendi<br/>INTERNKI'IONAL CRIMINAL LAW PRINCIPLES<br/>Per Saland<br/>INTERNATIONAL CRIMINAL LAW PROCEDURES<br/>The Process of Negotiations<br/>Silvia A. Fernandez de Gurmendi<br/>vii<br/>ix<br/>ri<br/>xiii<br/>xxi<br/>4I<br/>79<br/>127<br/>143<br/>!53<br/>I75<br/>I89<br/>2I7<br/>217<br/>v <br/>INTERNATIONAL CRIMINAL COURT<br/>Section II. Investigation and Prosecution 227<br/>Fabricio Guariglia<br/>Section III. The Trial Proceedings 238<br/>Hans-J6rg Behrens<br/>Section IV, Rights of Persons Suspected or Accused of a Crime 247<br/>Hlikan Friman<br/>Section V. Reparation to Victims 262<br/>Christopher Muttukumaru<br/>Section VI. Protection of National Security Information 270<br/>Donald K. Piragoff<br/>Section VII. Appeal and Revision 294<br/>Helen Brady and Mark Jennings<br/>CHAPTER NINE INTERNATIONAL COOPERATION AND<br/>JUDICIAL ASSISTANCE 305<br/>Phakiso Mochochoko<br/>CHAPTER TEN PENALTIES 3I9<br/>Rolf Einar Fife<br/>CHAPTER ELEVEN ESTABLISHING AN ENFORCEMENT REGIME 345<br/>Trevor Pascal Chimimba<br/>CHAPTER TWELVE GENDER ISSUES 357<br/>Gate Steains<br/>CHAPTER THIRTEEN PARTICIPATION OF NON-GOVERNMENTAL<br/>ORGANIZATIONS 39I<br/>William Pace and Mark Thieroff<br/>CHAPTER FOURTEEN FINANCING OF THE COURT, ASSEMBLY OF STATES PARTIES<br/>AND THE PREPARATORY COMMISSION 399<br/>CHAPTER FIFTEEN<br/>CHAPTER SIXTEEN<br/>CHAPTER SEVENTEEN<br/>EPILOGUE<br/>S. Rama Rao<br/>PREAMBLE AND FINAL CLAUSES<br/>Tuiloma Neroni Slade and RogerS. Clark<br/>THE DEVELOPMENT OF THE ROME STATUTE<br/>Philippe Kirsch, Q. C.<br/>THE INTERNATIONAL CRIMINAL COURT:<br/>A PERSPECTIVE<br/>Adriaan Bos<br/>LOOKING TO THE FUTURE<br/>GiovantJi Canso<br/>ROME STATUTE OF THE INTERNATIONAL CRIMINAL COURT<br/>RESOLUTION OF THE CONFERENCE<br/>VIEWS AND COMMENTS BY GOVERNMENTS<br/>SUBJECT INDEX<br/>vi<br/>421<br/>45I<br/>463<br/>47I<br/>479<br/>572<br/>573<br/>641 |
| 610 20 - SUBJECT ADDED ENTRY--CORPORATE NAME | |
| Corporate name or jurisdiction name as entry element | International Criminal Court. |
| 630 00 - SUBJECT ADDED ENTRY--UNIFORM TITLE | |
| Uniform title | Rome Statute of the International Criminal Court |
| Date of treaty signing | (1998 July 17) |
| 650 #0 - SUBJECT ADDED ENTRY--TOPICAL TERM | |
| Topical term or geographic name entry element | International criminal courts |
| 651 ## - SUBJECT ADDED ENTRY--GEOGRAPHIC NAME | |
| Source of heading or term | International Offences - Law & Legislation |
| 700 1# - ADDED ENTRY--PERSONAL NAME | |
| Personal name | Lee, Roy S. K., |
| Dates associated with a name | 1938- |
| 710 2# - ADDED ENTRY--CORPORATE NAME | |
| Corporate name or jurisdiction name as entry element | Project on International Courts and Tribunals. |
| 710 2# - ADDED ENTRY--CORPORATE NAME | |
| Corporate name or jurisdiction name as entry element | United Nations Institute for Training and Research. |
| 730 02 - ADDED ENTRY--UNIFORM TITLE | |
| Uniform title | Rome Statute of the International Criminal Court |
| Date of treaty signing | (1998 July 17) |
| 906 ## - LOCAL DATA ELEMENT F, LDF (RLIN) | |
| a | 7 |
| b | cbc |
| c | orignew |
| d | 1 |
| e | ocip |
| f | 19 |
| g | y-gencatlg |
| 942 ## - ADDED ENTRY ELEMENTS (KOHA) | |
| Source of classification or shelving scheme | Dewey Decimal Classification |
| Koha item type | BOOKs |
| Withdrawn status | Lost status | Source of classification or shelving scheme | Materials specified (bound volume or other part) | Damaged status | Not for loan | Collection code | Home library | Current library | Shelving location | Date acquired | Source of acquisition | Coded location qualifier | Cost, normal purchase price | Total Checkouts | Full call number | Barcode | Date last seen | Date last checked out | Price effective from | Koha item type |
|---|---|---|---|---|---|---|---|---|---|---|---|---|---|---|---|---|---|---|---|---|
| Dewey Decimal Classification | HB | Not For Loan | Reference | NLS | NLS | 28/03/2019 | Purchased | REFERENCE | 24425.00 | 1 | 341.77 LEE | 37080 | 18/12/2024 | 14/11/2024 | 28/03/2019 | BOOKs |